Statistics for African Cities by Letter with a Map: A

Click here to take the quiz!

General Stats

  • This quiz has been taken 40 times
  • The average score is 10 of 14

Answers on the Map

Answers color-coded by a green-red scale on the quiz's map according to % correct below.
 

Answer Stats

City% Correct
Addis Ababa
100%
Alexandria
97%
Algiers
97%
Abidjan
95%
Accra
95%
Antananarivo
95%
Abuja
92%
Asmara
92%
Agadir
68%
Aswan
59%
Arusha
49%
Aba
38%
Annaba
27%
Asyut
24%

Score Distribution

Percentile by Number Answered

Percent of People with Each Score

Your Score History

You have not taken this quiz